Majdanek: a historical outline
| Titel: | Majdanek: a historical outline / Beata Siwek-Ciupak |
|---|---|
| Verfasser: | |
| Veröffentlicht: | Lublin : Państwowe Muzeum na Majdanku, 2014 |
| Umfang: | 47 Seiten : Illustrationen |
| Format: | Buch |
| Sprache: | Englisch |
| Einheitssachtitel: | Majdanek: zarys historii |
| RVK-Notation: | |
| ISBN: | 9788362816187 |
| Hinweise zum Inhalt: |
Inhaltsverzeichnis
|
alg: 34650603 001A $00026:25-08-14 001B $01999:10-05-25 $t18:03:59.000 001D $00026:05-01-15 001U $0utf8 001X $00 002@ $0Aau 002C $aText $btxt $2rdacontent 002D $aohne Hilfsmittel zu benutzen $bn $2rdamedia 002E $aBand $bnc $2rdacarrier 003@ $0346506034 004A $A978-83-62816-18-7 007A $0346506034 $aHEB 007G $0DE0132BFAFDE67C1CF4EFC1257DC60042F503 009P $qapplication/pdf $A2 $3Inhaltsverzeichnis $uhttp://scans.hebis.de/HEBCGI/show.pl?34650603_toc.pdf $mV:DE-603;B:DE-26 010@ $aeng $cpol 011@ $a2014 021A $aMajdanek: a historical outline $hBeata Siwek-Ciupak 022A $aMajdanek: zarys historii 028A $BVerfasser $#Ciupak, Beata Siwek- $4aut $7 $8Siwek-Ciupak, Beata [Tnu] $9352396083 033A $pLublin $nPaństwowe Muzeum na Majdanku 034D $a47 Seiten 034M $aIllustrationen 044K $#KZ Majdanek $#obóz koncentracyjny Majdanek $74268005-0 $8Konzentrationslager Majdanek [Tb1] $9086433342 045Z $8NQ 2350 [Tkv] $9410912255 lok: 34650603 78 exp: 34650603 78 1 #EPN 201B/01 $009-09-19 $t12:51:11.000 201C/01 $009-09-19 201U/01 $0utf8 203@/01 $01059756404 208@/01 $a09-09-19 $be 209A/01 $a/ $f000 $x00 209A/01 $ab*p $x01 220C/01 $aeja 244Z/01 $#Generalgouvernement Polen $#Polska $#Rzeczpospolita Polska $#Polska Rzeczpospolita Ludowa $#Poland $#Pologne $#République Polonaise $#Generalne Gubernatorstwo w Polsce $#Polish People's Republic $#Polska Rzeczpospolita Polen $#PRL $#RP $#Polen Generalgouvernement $#Polska Generalgouvernement $#Besetzte Polnische Gebiete $#Besetztes Gebiet in Polen $#Okupowane Polskie Obszary $#Obszary Okupowane w Polsce $#Volksrepublik Polen $#Polska Rosyjska $#Republic Polen $#Respublika Pol'ša $#Pol'skaja Narodnaja Respublika $#République de Pologne $#Polen Links der Weichsel $#Polska po Lewej Stronie Wisły $#Lenkija $#Polija $#Gubernija Carstva Pol'skago $#Republik Polen $74046496-9 $8--Tg1--Polen $x01 $9085129801 247C/01 $82080>Marburg/Lahn, Herder-Institut, Forschungsbibliothek, Bibliographieportal $9336309341 lok: 34650603 204 exp: 34650603 204 1 #EPN 201B/01 $015-05-15 $t11:54:16.000 201C/01 $025-08-14 201U/01 $0utf8 203@/01 $0739198025 208@/01 $a15-05-15 $bzUB 209A/01 $a000 NQ 2350 S624 $du $f000 $x00 209G/01 $a61825231 $x00 245S/01 $a10200 $x01 247C/01 $8631000-x <26>Gießen, Universität Gießen, Universitätsbibliothek Gießen $9102596697
| LEADER | 00000cam a2200000 c 4500 | ||
|---|---|---|---|
| 001 | 346506034 | ||
| 003 | DE-603 | ||
| 005 | 20250510180359.0 | ||
| 007 | tu | ||
| 008 | 140825s2014 xx |||| | u00||u|eng c | ||
| 020 | |a 9788362816187 | ||
| 035 | |a (DE-599)HEB346506034 | ||
| 040 | |a DE-603 |b ger |c DE-603 |d DE-603 | ||
| 041 | |a eng |h pol | ||
| 084 | |a NQ 2350 |0 (DE-625)128254: |0 (DE-603)410912255 |2 rvk | ||
| 100 | 1 | |a Siwek-Ciupak, Beata |e Verfasser |4 aut |0 (DE-603)352396083 | |
| 240 | 1 | 0 | |a Majdanek: zarys historii |
| 245 | 0 | 0 | |a Majdanek: a historical outline |c Beata Siwek-Ciupak |
| 264 | 1 | |a Lublin |b Państwowe Muzeum na Majdanku |c 2014 | |
| 300 | |a 47 Seiten |b Illustrationen | ||
| 336 | |a Text |b txt |2 rdacontent | ||
| 337 | |a ohne Hilfsmittel zu benutzen |b n |2 rdamedia | ||
| 338 | |a Band |b nc |2 rdacarrier | ||
| 610 | 1 | 7 | |a Konzentrationslager Majdanek |2 gnd |0 (DE-588)4268005-0 |0 (DE-603)086433342 |
| 856 | 4 | 2 | |m V:DE-603;B:DE-26 |q application/pdf |u http://scans.hebis.de/HEBCGI/show.pl?34650603_toc.pdf |3 Inhaltsverzeichnis |
| 924 | 0 | |9 2080 |a (DE-603)1059756404 |b DE-2080 |c HES |d d |g / | |
| 924 | 0 | |9 26 |a (DE-603)739198025 |b DE-26 |c HES |d c |g 000 NQ 2350 S624 | |


